Les personnages de Joueur du Grenier par Images #4 - Statistiques

Statistiques générales
  • Ce quiz a été pris 44 fois
  • Le résultat moyen est 8 sur 18
Statistiques - réponses
Par images Réponse % Correct
Canard Man
97%
Seb (du grenier)
94%
Captain NordVPN
85%
Charlie
71%
Olivier Atton
62%
Capitaine Chiant
56%
Billy
47%
Père Fougasse
44%
Frère Tuck
41%
Noé
41%
Mickaël Goodenough
38%
Captain Bible
35%
Marianne
35%
Mike Haggar
29%
Florence
24%
Trevor Belmont
24%
M. Gomez
15%
Queen Carmilla
9%
Aucun quiz correspondant
Distribution des résultats
% des personnes avec chaque résultat
Percentile par nombre de réponses
Votre historique - résultats
Vous n’avez pas pris ce quiz